000 01286cam a2200337 a 4500
001 3818
005 20241031161258.0
020 _a708431390256
040 _aDLC
_cDLC
_beng
050 0 0 _b2007
082 _a531
100 1 _aSonneborn, Scott
245 1 0 _aPirates! :
_bthe treasure of Turtle Island /
_cwritten by Scott Sonneborn ; illustrated by Bill Mudron.
260 _aEmeryville, Cailf :
_bLeapFrog ;
_c2007
300 _a25 pages :
_bcolor illustrations : map ;
_c24 cm.
490 0 _aTAG Reading System
505 _aK
520 _aRead along as pirate kids Will and Abby decode a map so they can beat mean old pirate One Tooth to the treasure! Teaches short and long vowels, word building, vowel pairs and pirate facts.
521 _a510
_bLexile estimate
521 _aK
_bRaz-Plus
650 0 _aReading (Primary)
650 0 _aReading comprehension
_vJuvenile literature.
650 0 _aVocabulary
_vJuvenile literature.
650 0 _aReading
_xPhonetic method
_vActivitiy programs.
650 0 _aPirates
_vJuvenile literature.
650 0 _aTreasure-troves
_vJuvenile literature.
655 0 _aChildren's electronic books.
700 1 _aMudron, Bill
_eillustrator
906 _a7
_bcbc
_corigres
_d2
_encip
_f20
_gy-gencatlg
942 _2ddc
_cBK
_n0
999 _c3818
_d3818